Loading...
Asian development outlook 1995 and 1996
| Format: | Printed Book |
|---|---|
| Udgivet: |
Oxford, OUP
1995
|
| LEADER | 003390000a22001090004500 | ||
|---|---|---|---|
| 082 | |a 330.95 N5 | ||
| 245 | |a Asian development outlook 1995 and 1996 | ||
| 260 | |a Oxford, OUP | ||
| 260 | |c 1995 | ||
| 942 | |c BK | ||
| 999 | |c 7022 |d 7022 | ||
| 952 | |0 0 |1 0 |4 0 |6 330_950000000000000_N5 |7 0 |8 REF |9 6815 |a MGUL |b MGUL |d 2013-07-16 |l 0 |o 330.95 N5 |p 24879 |r 2013-07-16 |w 2013-07-16 |y REF | ||